000 00734nam a2200253Ia 4500
003 OSt
005 20220925231906.0
006 a|||||r|||| 00| 0
007 ta
008 220923b |||||||| |||| 00| 0 eng d
020 _c1121.37
037 _b913, 29/02/2000, Efficent
_cGeneral Book
040 _aRTL
_cRTL
_beng
041 _2eng
_aeng
082 _aX65:(R4), N9
100 _aBOATRIGHT John R.
_9263308
245 0 _aEthics in finance
260 _aMassachusetts
_bBlackwell
_c1999
300 _axi, 209p.
_ccm.
490 _aFoundatios of Business Ethics
650 _aInvestment
942 _hX65:(R4), N9
_cGB
_2CC
999 _c589693
_d589693